<?xml version="1.0" encoding="UTF-8"?>
<record
    xmlns:xsi="http://www.w3.org/2001/XMLSchema-instance"
    xsi:schemaLocation="http://www.loc.gov/MARC21/slim http://www.loc.gov/standards/marcxml/schema/MARC21slim.xsd"
    xmlns="http://www.loc.gov/MARC21/slim">

  <leader>03902nam a2200409 a 4500</leader>
  <controlfield tag="001">000013756</controlfield>
  <controlfield tag="005">20200929163334.0</controlfield>
  <controlfield tag="008">091118s2004    dr abc        000 0 spa d</controlfield>
  <datafield tag="020" ind1=" " ind2=" ">
    <subfield code="a">9993498203 (v. 1)</subfield>
  </datafield>
  <datafield tag="020" ind1=" " ind2=" ">
    <subfield code="a">9993498211 (v. 2)</subfield>
  </datafield>
  <datafield tag="020" ind1=" " ind2=" ">
    <subfield code="a">9993498238 (v. 4)</subfield>
  </datafield>
  <datafield tag="020" ind1=" " ind2=" ">
    <subfield code="a">8482616730 (v. 5)</subfield>
  </datafield>
  <datafield tag="020" ind1=" " ind2=" ">
    <subfield code="a">8482616757 (v. 7)</subfield>
  </datafield>
  <datafield tag="020" ind1=" " ind2=" ">
    <subfield code="a">8482616765 (v. 8)</subfield>
  </datafield>
  <datafield tag="040" ind1=" " ind2=" ">
    <subfield code="a">DO-SdBNP</subfield>
    <subfield code="b">spa</subfield>
    <subfield code="c">BNPHU</subfield>
  </datafield>
  <datafield tag="082" ind1=" " ind2=" ">
    <subfield code="a">xxxx</subfield>
    <subfield code="b">xxxx</subfield>
  </datafield>
  <datafield tag="245" ind1="0" ind2="0">
    <subfield code="a">Sociedad :</subfield>
    <subfield code="b">educaci&#xF3;n b&#xE1;sica /</subfield>
    <subfield code="c">Fanny Capell&#xE1;n Almonte... [et al] ; direcci&#xF3;n editorial Obdulia Garc&#xED;a de Escobar; ilustraci&#xF3;n Amado Polanco.</subfield>
  </datafield>
  <datafield tag="260" ind1=" " ind2=" ">
    <subfield code="a">Santo Domingo :</subfield>
    <subfield code="b">Santillana,</subfield>
    <subfield code="c">2004.</subfield>
  </datafield>
  <datafield tag="300" ind1=" " ind2=" ">
    <subfield code="a">8 v. :</subfield>
    <subfield code="b">il., maps., retrs. ;</subfield>
    <subfield code="c">28 cm.</subfield>
  </datafield>
  <datafield tag="490" ind1="1" ind2=" ">
    <subfield code="a">&#xC1;mbar</subfield>
  </datafield>
  <datafield tag="500" ind1=" " ind2=" ">
    <subfield code="a">Educaci&#xF3;n b&#xE1;sica</subfield>
  </datafield>
  <datafield tag="500" ind1=" " ind2=" ">
    <subfield code="a">La biblioteca solamente posee la gu&#xED;a, el cuaderno y el &#xE1;lbum del v. 7 y el cuaderno y el &#xE1;lbum del v. 8</subfield>
  </datafield>
  <datafield tag="500" ind1=" " ind2=" ">
    <subfield code="a">La biblioteca no posee los volumenes 3 y 6</subfield>
  </datafield>
  <datafield tag="505" ind1="0" ind2=" ">
    <subfield code="g">v. 1 :</subfield>
    <subfield code="g">unidad 1 --</subfield>
    <subfield code="t">As&#xED; somos --</subfield>
    <subfield code="g">unidad 2 --</subfield>
    <subfield code="t">D&#xF3;nde Vivo --</subfield>
    <subfield code="g">unidad 3 --</subfield>
    <subfield code="t">D&#xF3;nde aprendo --</subfield>
    <subfield code="g">unidad 4 --</subfield>
    <subfield code="t">Mi comunidad --</subfield>
    <subfield code="g">unidad 5 --</subfield>
    <subfield code="t">El campo y la ciudad --</subfield>
    <subfield code="g">unidad 6 --</subfield>
    <subfield code="t">Mis necesidades --</subfield>
    <subfield code="g">unidad 7 --</subfield>
    <subfield code="t">Trabajo y producci&#xF3;n --</subfield>
    <subfield code="g">unidad 8 --</subfield>
    <subfield code="t">Mi pa&#xED;s /</subfield>
    <subfield code="r">Fanny Capell&#xE1;n Almonte --</subfield>
  </datafield>
  <datafield tag="505" ind1="0" ind2=" ">
    <subfield code="g">v. 2 :</subfield>
    <subfield code="g">unidad 1--</subfield>
    <subfield code="t">La familia y la escuela --</subfield>
    <subfield code="g">unidad 2 --</subfield>
    <subfield code="t">Barrio y comunidad --</subfield>
    <subfield code="g">unidad 3 --</subfield>
    <subfield code="t">Necesidades y recursos --</subfield>
    <subfield code="g">unidad 4 --</subfield>
    <subfield code="t">Oficios y profesiones --</subfield>
    <subfield code="g">unidad 5 --</subfield>
    <subfield code="t">Las comunicaciones --</subfield>
    <subfield code="g">unidad 6 --</subfield>
    <subfield code="t">El transporte --</subfield>
    <subfield code="g">unidad 7 --</subfield>
    <subfield code="t">Las normas --</subfield>
    <subfield code="g">unidad 8 --</subfield>
    <subfield code="t">La Rep&#xFA;blica Dominicana /</subfield>
    <subfield code="r">Fanny Capell&#xE1;n Almonte --</subfield>
  </datafield>
  <datafield tag="505" ind1="0" ind2=" ">
    <subfield code="g">v. 4 :</subfield>
    <subfield code="g">unidad 1 --</subfield>
    <subfield code="t">Nuestro planeta --</subfield>
    <subfield code="g">unidad 2 --</subfield>
    <subfield code="t">Los medios naturales --</subfield>
    <subfield code="g">unidad 3 --</subfield>
    <subfield code="t">La Rep&#xFA;blica Dominicana --</subfield>
    <subfield code="g">unidad 4 --</subfield>
    <subfield code="t">Nuestros ind&#xED;genas --</subfield>
    <subfield code="g">unidad 5 --</subfield>
    <subfield code="t">El descubrimiento --</subfield>
    <subfield code="g">unidad 6 --</subfield>
    <subfield code="t">Colonia de Santo Domingo --</subfield>
    <subfield code="g">unidad 7 --</subfield>
    <subfield code="t">Divisi&#xF3;n de la isla --</subfield>
    <subfield code="g">unidad 8 --</subfield>
    <subfield code="t">La Rep&#xFA;blica /</subfield>
    <subfield code="r">Eric Castro Ricart --</subfield>
    <subfield code="r">Fanny Capell&#xE1;n Almonte --</subfield>
  </datafield>
  <datafield tag="505" ind1="0" ind2=" ">
    <subfield code="g">v. 5 :</subfield>
    <subfield code="g">unidad 1 --</subfield>
    <subfield code="t">Geograf&#xED;a de Am&#xE9;rica --</subfield>
    <subfield code="g">unidad 2 --</subfield>
    <subfield code="t">Europa y Asia --</subfield>
    <subfield code="g">unidad 3 --</subfield>
    <subfield code="t">&#xC1;frica y Ocean&#xED;a --</subfield>
    <subfield code="g">unidad 4 --</subfield>
    <subfield code="t">Las grandes civilizaciones --</subfield>
    <subfield code="g">unidad 5 --</subfield>
    <subfield code="t">&#xC9;poca de descubrimientos --</subfield>
    <subfield code="g">unidad 6 --</subfield>
    <subfield code="t">La dominaci&#xF3;n colonial --</subfield>
    <subfield code="g">unidad 7 --</subfield>
    <subfield code="t">Conquista y colonizaci&#xF3;n --</subfield>
    <subfield code="g">unidad 8 --</subfield>
    <subfield code="t">Econom&#xED;a y esclavitud --</subfield>
    <subfield code="g">unidad 9 --</subfield>
    <subfield code="t">Las devastaciones --</subfield>
    <subfield code="g">unidad 10 --</subfield>
    <subfield code="t">Las dos colonias /</subfield>
    <subfield code="r">Fanny Capell&#xE1;n Almonte --</subfield>
    <subfield code="r">Eric Castro Ricart --</subfield>
  </datafield>
  <datafield tag="505" ind1="0" ind2=" ">
    <subfield code="g">v. 7 :</subfield>
    <subfield code="g">unidad 1 --</subfield>
    <subfield code="t">El antecedente colonial --</subfield>
    <subfield code="g">unidad 2 --</subfield>
    <subfield code="t">La situaci&#xF3;n internacional --</subfield>
    <subfield code="g">unidad 3 --</subfield>
    <subfield code="t">Evoluci&#xF3;n de las Antillas --</subfield>
    <subfield code="g">unidad 4 --</subfield>
    <subfield code="t">Entre la Colonia y la Rep&#xFA;blica --</subfield>
    <subfield code="g">unidad 5 --</subfield>
    <subfield code="t">La econom&#xED;a del siglo XIX --</subfield>
    <subfield code="g">unidad 6 --</subfield>
    <subfield code="t">La fundaci&#xF3;n de la Rep&#xFA;blica --</subfield>
    <subfield code="g">unidad 7 --</subfield>
    <subfield code="t">Anexi&#xF3;n y segunda Rep&#xFA;blica --</subfield>
    <subfield code="g">unidad 8 --</subfield>
    <subfield code="t">Independentismo y antillanismo --</subfield>
    <subfield code="g">unidad 9 --</subfield>
    <subfield code="t">Liberalismo y dictadura --</subfield>
    <subfield code="g">unidad 10 --</subfield>
    <subfield code="t">La cultura en el siglo XIX --</subfield>
    <subfield code="g">unidad 11 --</subfield>
    <subfield code="t">Modernizaci&#xF3;n a fines del XIX --</subfield>
    <subfield code="g">unidad 12 --</subfield>
    <subfield code="t">El espacio en el siglo XIX /</subfield>
    <subfield code="r">Quisqueya Lora --</subfield>
    <subfield code="r">Marcos Morales --</subfield>
  </datafield>
  <datafield tag="505" ind1="0" ind2=" ">
    <subfield code="g">v. 8 :</subfield>
    <subfield code="g">unidad 1 --</subfield>
    <subfield code="t">Los inicios el siglo XX --</subfield>
    <subfield code="g">unidad 2 --</subfield>
    <subfield code="t">Las pugnas caudillistas --</subfield>
    <subfield code="g">unidad 3 --</subfield>
    <subfield code="t">La intervenci&#xF3;n de 1916 --</subfield>
    <subfield code="g">unidad 4 --</subfield>
    <subfield code="t">Ascenso de Trujillo --</subfield>
    <subfield code="g">unidad 5 --</subfield>
    <subfield code="t">Crisis final de la dictadura --</subfield>
    <subfield code="g">unidad 6 --</subfield>
    <subfield code="t">El Caribe en el siglo XX --</subfield>
    <subfield code="g">unidad 7 --</subfield>
    <subfield code="t">El pa&#xED;s entre 1961 y 1966 --</subfield>
    <subfield code="g">unidad 8 --</subfield>
    <subfield code="t">Los doce a&#xF1;os de Balaguer --</subfield>
    <subfield code="g">unidad 9 --</subfield>
    <subfield code="t">Evoluci&#xF3;n pol&#xED;tica reciente --</subfield>
    <subfield code="g">unidad 10 --</subfield>
    <subfield code="t">La econom&#xED;a dominicana hoy --</subfield>
    <subfield code="g">unidad 11 --</subfield>
    <subfield code="t">La cultura dominicana --</subfield>
    <subfield code="g">unidad 12 --</subfield>
    <subfield code="t">La organizaci&#xF3;n del espacio /</subfield>
    <subfield code="r">Quisqueya Lora --</subfield>
    <subfield code="r">Marcos Morales</subfield>
  </datafield>
  <datafield tag="700" ind1="1" ind2=" ">
    <subfield code="a">Capell&#xE1;n Almonte, Fanny</subfield>
    <subfield code="9">29766</subfield>
  </datafield>
  <datafield tag="700" ind1="1" ind2=" ">
    <subfield code="a">Polanco, Jos&#xE9; Amado</subfield>
    <subfield code="e">il.</subfield>
    <subfield code="9">23172</subfield>
  </datafield>
  <datafield tag="700" ind1="1" ind2=" ">
    <subfield code="a">Garca Escobar, Obdulia,</subfield>
    <subfield code="e">dir. ed.</subfield>
    <subfield code="9">29770</subfield>
  </datafield>
  <datafield tag="700" ind1="1" ind2=" ">
    <subfield code="a">Castro Ricart, Eric</subfield>
    <subfield code="9">23170</subfield>
  </datafield>
  <datafield tag="700" ind1="1" ind2=" ">
    <subfield code="a">Lora H., Quisqueya</subfield>
    <subfield code="9">29768</subfield>
  </datafield>
  <datafield tag="700" ind1="1" ind2=" ">
    <subfield code="a">Morales, Marcos</subfield>
    <subfield code="9">29769</subfield>
  </datafield>
  <datafield tag="830" ind1=" " ind2="0">
    <subfield code="a">&#xC1;mbar</subfield>
    <subfield code="9">6599</subfield>
  </datafield>
  <datafield tag="952" ind1=" " ind2=" ">
    <subfield code="0">0</subfield>
    <subfield code="1">0</subfield>
    <subfield code="5">4</subfield>
    <subfield code="7">-1</subfield>
    <subfield code="8">PD</subfield>
    <subfield code="a">GR</subfield>
    <subfield code="b">GR</subfield>
    <subfield code="c">OI</subfield>
    <subfield code="d">2009-11-30</subfield>
    <subfield code="i">LF1</subfield>
    <subfield code="l">0</subfield>
    <subfield code="o">xxxx xxxx</subfield>
    <subfield code="p">13756-30</subfield>
    <subfield code="r">2020-06-25</subfield>
    <subfield code="w">2020-06-25</subfield>
    <subfield code="y">LFPD</subfield>
    <subfield code="Z">Pr&#xE9;stamo en sala</subfield>
  </datafield>
  <datafield tag="952" ind1=" " ind2=" ">
    <subfield code="0">0</subfield>
    <subfield code="1">0</subfield>
    <subfield code="5">4</subfield>
    <subfield code="7">-1</subfield>
    <subfield code="8">PD</subfield>
    <subfield code="a">GR</subfield>
    <subfield code="b">GR</subfield>
    <subfield code="c">OI</subfield>
    <subfield code="d">2009-12-01</subfield>
    <subfield code="i">LF1</subfield>
    <subfield code="l">0</subfield>
    <subfield code="o">xxxx xxxx</subfield>
    <subfield code="p">13756-60</subfield>
    <subfield code="r">2020-06-25</subfield>
    <subfield code="w">2020-06-25</subfield>
    <subfield code="y">LFPD</subfield>
    <subfield code="Z">Pr&#xE9;stamo en sala</subfield>
  </datafield>
  <datafield tag="952" ind1=" " ind2=" ">
    <subfield code="0">0</subfield>
    <subfield code="1">0</subfield>
    <subfield code="7">1</subfield>
    <subfield code="8">PD</subfield>
    <subfield code="a">PD</subfield>
    <subfield code="b">PD</subfield>
    <subfield code="c">CT</subfield>
    <subfield code="d">2009-11-30</subfield>
    <subfield code="i">LF1</subfield>
    <subfield code="l">0</subfield>
    <subfield code="o">xxxx xxxx</subfield>
    <subfield code="p">13756-10</subfield>
    <subfield code="r">2020-06-25</subfield>
    <subfield code="w">2020-06-25</subfield>
    <subfield code="y">LFPD</subfield>
    <subfield code="Z">No se presta</subfield>
  </datafield>
  <datafield tag="952" ind1=" " ind2=" ">
    <subfield code="0">0</subfield>
    <subfield code="1">0</subfield>
    <subfield code="7">-1</subfield>
    <subfield code="8">PD</subfield>
    <subfield code="a">PD</subfield>
    <subfield code="b">PD</subfield>
    <subfield code="c">OI</subfield>
    <subfield code="d">2009-11-30</subfield>
    <subfield code="i">LF1</subfield>
    <subfield code="l">0</subfield>
    <subfield code="o">xxxx xxxx</subfield>
    <subfield code="p">13756-20</subfield>
    <subfield code="r">2020-06-25</subfield>
    <subfield code="w">2020-06-25</subfield>
    <subfield code="y">LFPD</subfield>
    <subfield code="Z">No se presta</subfield>
  </datafield>
  <datafield tag="952" ind1=" " ind2=" ">
    <subfield code="0">0</subfield>
    <subfield code="1">0</subfield>
    <subfield code="7">-1</subfield>
    <subfield code="8">PD</subfield>
    <subfield code="a">PD</subfield>
    <subfield code="b">PD</subfield>
    <subfield code="c">OI</subfield>
    <subfield code="d">2009-12-01</subfield>
    <subfield code="i">LF1</subfield>
    <subfield code="l">0</subfield>
    <subfield code="o">xxxx xxxx</subfield>
    <subfield code="p">13756-40</subfield>
    <subfield code="r">2020-06-25</subfield>
    <subfield code="w">2020-06-25</subfield>
    <subfield code="y">LFPD</subfield>
    <subfield code="Z">No se presta</subfield>
  </datafield>
  <datafield tag="952" ind1=" " ind2=" ">
    <subfield code="0">0</subfield>
    <subfield code="1">0</subfield>
    <subfield code="7">-1</subfield>
    <subfield code="8">PD</subfield>
    <subfield code="a">PD</subfield>
    <subfield code="b">PD</subfield>
    <subfield code="c">OI</subfield>
    <subfield code="d">2009-12-01</subfield>
    <subfield code="i">LF1</subfield>
    <subfield code="l">0</subfield>
    <subfield code="o">xxxx xxxx</subfield>
    <subfield code="p">13756-50</subfield>
    <subfield code="r">2020-06-25</subfield>
    <subfield code="w">2020-06-25</subfield>
    <subfield code="y">LFPD</subfield>
    <subfield code="Z">No se presta</subfield>
  </datafield>
  <datafield tag="999" ind1=" " ind2=" ">
    <subfield code="c">13369</subfield>
    <subfield code="d">13369</subfield>
  </datafield>
</record>
